000 00636nam a2200205 a 4500
999 _c3608
_d3608
001 3608
003 BD-JhCC
005 20171115164935.0
008 171115s1964 bg a|||| |||| 000 0 ben d
035 _a(BD-JhCC)
040 _aBD-JhCC
_dBD-JhCC
041 _aben
082 _a923.1
_bAHA 1964
100 _aআহমদ, আবুযযোহা নুর
245 _aমহাকবি শেখ সাদী /
_cআবুযযোহা নুর আহমদ
260 _aঢাকা :
_bআহমদ পাবলিশিং হাউস,
_c১৯৬৪
300 _a48 p. ;
_c14 cm
650 _aBiography
942 _2ddc
_cBK